Detalles MARC
| 000 -Cabecera |
| Campo de control de longitud fija |
01793nam a22005657a 4500 |
| 005 - Fecha y hora de la última transacción |
| Campo de control |
20260212161136.0 |
| 008 - Elementos de longitud fija--Información general |
| Campo de control de longitud fija |
160113b2007 xxu||||| |||| 00| 0 spa d |
| 020 ## - International Standard Book Number |
| Número Internacional Estándar del Libro (ISBN) |
9789706868275 |
| 041 ## - Idioma |
| Código de idioma |
Español |
| 082 ## - Clasificación Decimal Dewey |
| Número de clasificación |
658.8 C998m8 |
| 100 ## - Entrada principal--Autor personal |
| Nombre personal |
Czinkota, Michael |
| 9 (RLIN) |
798 |
| 100 ## - Entrada principal--Autor personal |
| Nombre personal |
Ronkainen, Ilikka |
| 9 (RLIN) |
799 |
| 245 ## - Título propiamente dicho |
| Título |
Marketing internacional |
| 250 ## - Edición |
| Mención de edición |
8 edición |
| 260 ## - Pie de imprenta |
| Lugar de publicación, distribución, etc. |
México |
| 260 ## - Pie de imprenta |
| Nombre del editor, distribuidor, etc. |
Cengage Learning |
| 260 ## - Pie de imprenta |
| Fecha de publicación, distribución, etc. |
2007 |
| 300 ## - Descripción física |
| Extensión |
644 páginas |
| 490 ## - Serie |
| Título de la Serie |
Dirección y Administración de Empresas |
| 505 ## - Nota de contenido |
| Nota de contenido |
Parte I. El entorno del marketing internacional.<br/>Parte II. Ingreso y desarrollo en el mercado internacional.<br/>Parte III. Mezcla de marketing de exportación.<br/>Parte IV. Mezcla de marketing global. |
| 650 ## - Materia general |
| Temática (materia general) |
GERENCIA DE MERCADEO |
| 650 ## - Materia general |
| Temática (materia general) |
MERCADOTECNIA |
| 650 ## - Materia general |
| Temática (materia general) |
MERCADOTECNIA INTERNACIONAL |
| 650 ## - Materia general |
| Temática (materia general) |
MARKETING GLOBAL |
| 650 ## - Materia general |
| Temática (materia general) |
GERENCIA DE MARKETING |
| 650 ## - Materia general |
| Temática (materia general) |
EXPORTACIÓN |
| 650 ## - Materia general |
| Temática (materia general) |
ENTORNO CULTURAL |
| 650 ## - Materia general |
| Temática (materia general) |
ENTORNO ECONÓMICO |
| 650 ## - Materia general |
| Temática (materia general) |
PLANEACIÓN ESTRATÉGICA |
| 650 ## - Materia general |
| Temática (materia general) |
ENTORNO POLÍTICO Y LEGAL |
| 650 ## - Materia general |
| Temática (materia general) |
ENTORNO INTERNACIONAL |
| 650 ## - Materia general |
| Temática (materia general) |
MARKETING GLOBAL |
| 650 ## - Materia general |
| Temática (materia general) |
DISTRIBUCIÓN |
| 650 ## - Materia general |
| Temática (materia general) |
MARCA |
| 650 ## - Materia general |
| Temática (materia general) |
CONTROL DEL MARKETING |
| 650 ## - Materia general |
| Temática (materia general) |
ESTRUCTURA ORGANIZACIONAL |
| 650 ## - Materia general |
| Temática (materia general) |
INVESTIGACIÓN DE MERCADO INTERNACIONAL |
| 650 ## - Materia general |
| Temática (materia general) |
ORGANIZACIÓN |
| 650 ## - Materia general |
| Temática (materia general) |
PRODUCTOS |
| 650 ## - Materia general |
| Temática (materia general) |
COMUNICACIÓN DE MARKETING |
| 650 ## - Materia general |
| Temática (materia general) |
PROCESO DE NEGOCIACIÓN |
| 650 ## - Materia general |
| Temática (materia general) |
MARKETING DIRECTO |
| 650 ## - Materia general |
| Temática (materia general) |
FALSIFICACIÓN |
| 650 ## - Materia general |
| Temática (materia general) |
ADMINISTRACIÓN DE LA DISTRIBUCIÓN |
| 650 ## - Materia general |
| Temática (materia general) |
COMERCIO ELECTRÓNICO |
| 650 ## - Materia general |
| Temática (materia general) |
ESTRATEGIA DE MARKETING |
| 650 ## - Materia general |
| Temática (materia general) |
MARKETING DE SERVICIOS |
| 650 ## - Materia general |
| Temática (materia general) |
PROMOCIÓN DE VENTAS |
| 942 ## - Punto de acceso adicional KOHA |
| Tipo de ítem KOHA |
Libro |
| Fuente del sistema de clasificación o colocación |
Dewey Decimal Classification |